Best NBA player from every team 2017 - Statistics

General Stats
  • This quiz has been taken 997 times
    976 since last reset
  • The average score is 20 of 29
Answer Stats
NBA team Player % Correct
Cleveland Cavaliers James
97%
Golden State Warriors Curry
91%
Houston Rockets Harden
89%
Oklahoma City Thunder Westbrook
88%
Los Angeles Clippers Paul
86%
New Orleans Pelicans Davis
85%
Charlotte Hornets Walker
84%
Indiana Pacers George
82%
Minnesota Timberwolves Towns
81%
Portland Trail Blazers Lillard
80%
Boston Celtics Thomas
80%
Washington Wizards Wall
80%
Chicago Bulls Butler
79%
San Antonio Spurs Leonard
79%
Toronto Raptors Derozan
76%
New York Knicks Anthony
75%
Philadelphia Sixers Embiid
73%
Memphis Grizzlies Conley
71%
Sacramento Kings Cousins
68%
Detroit Pistons Drummond
68%
Atlanta Hawks Millsap
65%
Brooklyn Nets Lopez
63%
Los Angeles Lakers Russell
60%
Utah Jazz Hayward
59%
Milwaukee Bucks Antetokounmpo
51%
Pheonix Suns Bledsoe
45%
Denver Nuggets Faried
24%
Orlando Magic Ibaka
20%
Dallas Mavericks Williams
19%
No matching quizzes found
Score Distribution
Percent of People with Each Score
Percentile by Number Answered
Your Score History
You have not taken this quiz since the last reset